000 00728nam a22001817a 4500
003 OSt
005 20240605112636.0
008 240605b ||||| |||| 00| 0 eng d
040 _cAIMIT LIBRARY
100 _aGangera, Sherry Ashna.
_e2016125
_9169333
245 _aStudy on employee engagement at the campco ltd Mangalore /
_cBy Sherry Ashna Gangera ; Guided by Vinay Krishna.
260 _aMangaluru ;
_c2022.
650 _aIndustry profile company profile and introduction to study
_9169334
650 _aLiterature review / mapping
_9169335
700 _aKrishna, Vinay.
_eGuide
_9169336
856 _3Central Arecanut and cocoa marketing and processing co operative ltd.
_uwww.campco.org
_ywww.campco.org
942 _2ddc
_cPRO
999 _c231040
_d231040